000 01358nam a2200253Ia 4500
999 _c29944
_d29944
003 CO-CtgCURN
005 20250409210216.0
008 190724s9999 xx 000 0 und d
020 _a958819203X
040 _aCO-CtgCURN
_bspa
_ccoctgcurn
082 _a364.168
_bC569
100 _aCifuentes Munoz, Manuel Enrique
_96950
_eautor
245 0 _aGlobalización de las transferencias electrónicas de fondos a través de cajeros automáticos /
_cManuel Enrique Cifuentes Munoz, Jaime Ospina Velasco y Carlos Mario Serna Jaramillo
260 _aMedellín, Antioquia :
_bGrupo Editorial Ibañez,
_c2002
300 _a206 páginas ;
_c23 centímetros.
505 _aCap.1. Marco legal colombiano del arbitraje de monedas a través de cajeros automáticos y criterios fundamentales para la prevención del lavado de activos -- Cap.2. Marco tributario del arbitraje internacional de monedas a través de cajeros automáticos -- Cap.3.Prevencion del lavado de activos en operaciones de arbitraje internacional.
521 _aAREA PROFESIONAL
590 _aPrograma de Derecho_18
650 _aTransferencias electrónicas
_96951
700 _aOspina Velasco, Jaime
_96952
_eautor
700 _aSerna Jaramillo, Carlos Mario
_96953
_eautor
942 _cBK
_h364.168
_iC569
_2ddc